00693cam a22002293a 450000100060000000300060000600500170001200800410002904000150007004200070008505000070009210000350009924501080013426000290024250600300027151600200030165300220032165300310034370000180037483000290039285600420042121059PGUSA20140828083440.0070413s2007||||xxu|||||s|||||000 1 eng d aPGUSAbeng adc 4aPZ1 aCollingwood, Harry,d1851-192214aThe Adventures of Dick Maitland :bA Tale of Unknown Africah[electronic resource] /cHarry Collingwood bProject Gutenberg,c2007 aPublic domain in the USA. aElectronic text aAdventure stories aAfrica -- Juvenile fiction1 aBall, Alec C. 0aProject Gutenbergv2105940uhttp://www.gutenberg.org/ebooks/21059